50 größten Städte/Dörfer Schleswig Holsteins nach Einwohnerzahl - Statistiken

Allgemein
  • Dieses Quiz wurde 30 mal gespielt
  • Das Durchschnittsergebnis liegt bei 21 aus 50
Antwortstatistiken
Hint Antwort % Korrekt
96.008 Flensburg
100%
252.148 Kiel
100%
216.789 Lübeck
100%
79.921 Neumünster
91%
44.928 Pinneberg
82%
24.064 Husum
77%
82.935 Norderstedt
77%
30.600 Rendsburg
77%
24.888 Bad Oldesloe
73%
21.563 Eckernförde
73%
25.413 Schleswig
73%
22.034 Heide
68%
17.279 Eutin
64%
51.502 Elmshorn
59%
33.629 Geesthacht
59%
18.180 Bad Segeberg
55%
32.738 Itzehoe
55%
34.575 Ahrensburg
50%
23.530 Kaltenkirchen
50%
34.862 Wedel
50%
28.355 Henstedt-Ulzburg
45%
19.599 Mölln
45%
28.243 Reinbek
45%
19.917 Bad Schwartau
41%
16.295 Bargteheide
41%
15.008 Ratzeburg
41%
12.656 Brunsbüttel
36%
16.466 Preetz
36%
22.585 Quickborn
36%
18.479 Bad Bramstedt
32%
ca. 11.600 Timmendorfer Strand
32%
18.722 Glinde
27%
18.824 Uetersen
27%
15.466 Ratekau
23%
15.020 Rellingen
23%
19.863 Schenefeld
23%
14.561 Tornesch
23%
18.118 Halstenbek
18%
16.966 Schwarzenbek
18%
14.086 Schwentinental
18%
ca. 11.200 Harrislee
14%
12.229 Kronshagen
14%
15.933 Neustadt in Holstein
14%
16.252 Stockelsdorf
14%
ca. 11.400 Kellinghusen
9%
13.460 Wentorf bei Hamburg
9%
ca. 11.000 Sülfeld
5%
ca. 11.900 Ahrensbök
0%
13.206 Fehmarn (Stadt)
0%
14.155 Sylt (Gemeinde)
0%
Keine übereinstimmenden Quizze gefunden
Verteilung der Resultate
Anzahl Personen mit jedem Resultat
Perzentil nach korrekt beantworteten Fragen
Ihre Resultats-Entwicklung
Sie haben dieses Quiz noch nicht gespielt